|
|
|
|
| LEADER |
00000n m0a2200000 4500 |
| 001 |
350527 |
| 005 |
20231102010318.0 |
| 035 |
|
|
|a (RuTPU)RU\TPU\retro\4650
|
| 035 |
|
|
|a RU\TPU\retro\4647
|
| 090 |
|
|
|a 350527
|
| 100 |
|
|
|a 20190206d1934 m y0rusy50 ca
|
| 101 |
0 |
|
|a rus
|
| 102 |
|
|
|a RU
|
| 105 |
|
|
|a a z 001zy
|
| 200 |
1 |
|
|a Лебединое озеро
|e музыка П. И. Чайковского
|f И. Глебов
|g под ред. В. С. Бухштейна
|
| 205 |
|
|
|a 2-е изд.
|
| 210 |
|
|
|a Ленинград
|c Издание Лен. Гос. Акад. Театра Оперы и Балета им. С. М. Кирова
|d 1934
|
| 215 |
|
|
|a 34 с.
|
| 316 |
|
|
|5 63413507: 153//129
|a На титульном листе штамп-экслибрис: "Обязательный экземпляр Сиб. Науч. Технич. Библиотеки"
|
| 320 |
|
|
|a Примечания: с. 34
|
| 600 |
|
1 |
|a Чайковский
|g Петр Ильич
|b П. И.
|c русский композитор
|f 1840-1893
|2 stltpush
|3 (RuTPU)RU\TPU\pers\1137
|
| 606 |
1 |
|
|a Спектакли балетные
|2 stltpush
|3 (RuTPU)RU\TPU\subj\55751
|9 73726
|
| 610 |
1 |
|
|a театральные программы
|
| 610 |
1 |
|
|a артисты
|
| 610 |
1 |
|
|a сценарии
|
| 610 |
1 |
|
|a действия
|
| 610 |
1 |
|
|a хореография
|
| 610 |
1 |
|
|a 19 век
|
| 610 |
1 |
|
|a 20 век
|
| 610 |
1 |
|
|a русский балет
|
| 675 |
|
|
|a 792.8
|v 3
|
| 700 |
|
1 |
|a Глебов
|b И.
|g Игорь
|
| 702 |
|
1 |
|a Бухштейн
|b В. С.
|4 340
|
| 801 |
|
1 |
|a RU
|b 63413507
|c 20190204
|
| 801 |
|
2 |
|a RU
|b 63413507
|c 20190212
|g RCR
|
| 942 |
|
|
|c BK
|